Statistics for The Moody Blues studio albums

Click here to take the quiz!

General Stats

  • This quiz has been taken 69 times
  • The average score is 8 of 16

Answer Stats

HintAnswer% Correct
1967Days of Future Passed
85%
1972Seventh Sojourn
76%
1969To Our Children's Children's Children
76%
1971Every Good Boy Deserves Favour
70%
1968In Search of the Lost Chord
70%
1970A Question of Balance
67%
1969On the Threshold of a Dream
65%
1978Octave
52%
1981Long Distance Voyager
43%
1965The Magnificent Moodies
43%
1983The Present
33%
1988Sur la Mer
30%
2003December
28%
1986The Other Side of Life
24%
1991Keys of the Kingdom
22%
1999Strange Times
22%

Score Distribution

Percentile by Number Answered

Percent of People with Each Score

Your Score History

You have not taken this quiz